Phương phaÌp luâÌ£n nghiên cưÌu khoa hoÌ£c
Tổng hơÌ£p caÌc phương phaÌp nghiên cưÌu kêÌt hơÌ£p vơÌi giơÌi thiêÌ£u ưÌng duÌ£ng thưÌ£c tiễn vêÌ€ phương phaÌp luâÌ£n nghiên cưÌu khoa hoÌ£c sẽ laÌ€ giaÌo triÌ€nh cho sinh viên, hoÌ£c sinh, nghiên cưÌu sinh vaÌ€ laÌ€ taÌ€i liêÌ£...
Zapisane w:
| 1. autor: | |
|---|---|
| Kolejni autorzy: | |
| Format: | Książka |
| Język: | Undetermined |
| Wydane: |
H.
GiaÌo duÌ£c
2007
|
| Hasła przedmiotowe: | |
| Dostęp online: | http://lrc.tdmu.edu.vn/opac/search/detail.asp?aID=2&ID=7592 |
| Etykiety: |
Dodaj etykietę
Nie ma etykietki, Dołącz pierwszą etykiete!
|
| Thư viện lưu trữ: | Trung tâm Học liệu Trường Đại học Thủ Dầu Một |
|---|
| LEADER | 01469nam a2200217Ia 4500 | ||
|---|---|---|---|
| 001 | TDMU_7592 | ||
| 008 | 210410s9999 xx 000 0 und d | ||
| 082 | |a 001.401 | ||
| 090 | |b L250 | ||
| 100 | |a Lê, Huy BaÌ | ||
| 245 | 0 | |a Phương phaÌp luâÌ£n nghiên cưÌu khoa hoÌ£c | |
| 245 | 0 | |c GS. TSKH. Lê Huy BaÌ (chủ biên), Nguyễn TroÌ£ng HuÌ€ng, HuyÌ€nh Lưu TruÌ€ng PhuÌ€ng, PGS. TS. Nguyễn Đinh TuâÌn | |
| 260 | |a H. | ||
| 260 | |b GiaÌo duÌ£c | ||
| 260 | |c 2007 | ||
| 300 | |a 840tr. | ||
| 520 | |a Tổng hơÌ£p caÌc phương phaÌp nghiên cưÌu kêÌt hơÌ£p vơÌi giơÌi thiêÌ£u ưÌng duÌ£ng thưÌ£c tiễn vêÌ€ phương phaÌp luâÌ£n nghiên cưÌu khoa hoÌ£c sẽ laÌ€ giaÌo triÌ€nh cho sinh viên, hoÌ£c sinh, nghiên cưÌu sinh vaÌ€ laÌ€ taÌ€i liêÌ£u tham khảo cho nhũng ngươÌ€i đang hoaÌ£t đôÌ£ng khoa hoÌ£c trong nhiêÌ€u lĩnh vưÌ£c. khaÌc | ||
| 650 | |a Phương phaÌp nghiên cưÌu khoa hoÌ£c; Khoa hoÌ£c; Nghiên cưÌu khoa hoÌ£c; Phương phaÌp luâÌ£n | ||
| 700 | |a Nguyễn, TroÌ£ng HuÌ€ng | ||
| 856 | |u http://lrc.tdmu.edu.vn/opac/search/detail.asp?aID=2&ID=7592 | ||
| 980 | |a Trung tâm Học liệu Trường Đại học Thủ Dầu Một | ||